00480nam a2200205Ia 4500008004100000020001800041050001400059100002200073245002300095245002500118260001500143260001600158260000900174300001600183300002600199300001000225300002400235440000700259500000800266170918s9999 xx 000 0 und d a9780545103695 bS857 2005 aStilton, Geronimo 4aThe karate mouse / cby Geronimo Stilton. aNew York : bScholastic, c2005 a100 pages : bcolor illustrations ; c19cm. eGeronimo Stilton ;  a40 a480